| 000 | 01373nam a2200241 a 4500 | ||
|---|---|---|---|
| 003 | AM-YeHGA | ||
| 040 | _aAM-YeHGA | ||
| 942 |
_2udc _cBK |
||
| 090 | _c449571 | ||
| 005 | 20250617160132.0 | ||
| 008 | 180807s1960 ru ||||| |||||||| ||rus d | ||
| 041 | 0 | _arus | |
| 044 | _aru | ||
| 100 | 1 | _aЯковлев, Владимир Иванович | |
| 245 | 0 | 0 |
_aЭлементы систем автоматического управления : _h[Текст] : _b[Учеб. пособие для студентов вечернего фак.] / _cДоц. В. И. Яковлев ; Ред. канд. техн. наук Е. Н. Зимин ; М-во высш. и сред. спец. образования РСФСР, Моск. ордена Ленина энергет. ин-т. |
| 260 |
_aМосква : _b[б. и.], _c1960. |
||
| 300 |
_a204 с. : _bчерт. ; _c21 см. |
||
| 504 | _aБиблиогр.: с. 202 (19 назв.) | ||
| 650 | 7 |
_aЭлектроприводы - Автоматическое управление _2RKP |
|
| 650 | 7 |
_aАвтоматические системы управления _2RKP |
|
| 700 | 1 |
_aЗимин, Е. Н. _eред _4edt |
|
| 710 | 2 |
_aМ-во высшего и среднего специального образования РСФСР : _bМосковский ордена Ленина энергетический институт |
|
| 999 |
_c446695 _d446695 |
||